Quantitative techniques manual : student's manual
Saved in:
| 主要作者: | |
|---|---|
| 其他作者: | |
| 格式: | 图书 |
| 出版: |
Dar es salaam :
National Board of Accountants and Auditors (NBAA)
C2000
|
| 主题: | |
| 标签: |
添加标签
没有标签, 成为第一个标记此记录!
|
MARC
| LEADER | 00000nam a2200000 4500 | ||
|---|---|---|---|
| 020 | |a 9976780060 |c TZs.15000/- | ||
| 040 | |a MUL |b eng |e AACR | ||
| 082 | |a 658.4034 BAR | ||
| 100 | |a Baradyana, J.S | ||
| 245 | |a Quantitative techniques manual : |b student's manual |c / J.S.Baradyana and S.L.Mwasele | ||
| 260 | |a Dar es salaam : |b National Board of Accountants and Auditors (NBAA) |c C2000 | ||
| 300 | |a [xxiv]232 p.: |b ill.; |c 30cm | ||
| 504 | |a Includes reference | ||
| 546 | |a eng | ||
| 650 | |a Probability theory | ||
| 650 | |a Estimation theory | ||
| 650 | |a Hypothesis testing | ||
| 700 | |a Mwasele, S.L | ||
| 942 | |c BK | ||
| 999 | |c 5411 |d 5411 | ||